Premier League 21/22 matchweek 1 King of the match - Statistics

General Stats
  • This quiz has been taken 21 times
  • The average score is 7 of 10
Answer Stats
Hint Answer % Correct
Man United 5-1 Leeds Bruno Fernandes
100%
Tottenham 1-0 Man City Heung-Min Son
100%
Norwich 0-3 Liverpool Mohamed Salah
100%
Newcastle 2-4 West Ham Michail Antonio
75%
Watford 3-2 Aston Villa Emmanuel Dennis
50%
Leicester 1-0 Wolves Kasper Schmeichel
50%
Everton 3-1 Southampton Richarlison
50%
Brentford 2-0 Arsenal Sergi Canos
44%
Chelsea 3-0 Crystal Palace Trevoh Chalobah
44%
Burnley 1-2 Brighton Robert Sanchez
38%
No matching quizzes found
Score Distribution
Percent of People with Each Score
Percentile by Number Answered
Your Score History
You have not taken this quiz